载入...

ഉത്തര കേരളത്തിലെ വേട്ടുവര്‍ ജീവിതവും സംസ്കാരവും/

书目详细资料
主要作者: ഫീലോമിന, കെ. വി
格式: Printed Book
语言:English
出版: 2004.
主题:
LEADER 00760nam a22001697a 4500
008 170601b xxu||||| |||| 00| 0 eng d
999 |c 18798  |d 18798 
082 |a P 398.095483  |b PHI 
100 |a ഫീലോമിന, കെ. വി 
240 |a Utharakeralathile vettuvar jeevithavum samskaravum 
245 |a ഉത്തര കേരളത്തിലെ വേട്ടുവര്‍ ജീവിതവും സംസ്കാരവും/  |c ഫിലോമിന, കെ. വി 
260 |c 2004. 
300 |a 457p. 
650 |a Life and culture  
650 |a North Kerala 
942 |2 ddc  |c REF 
952 |0 0  |1 0  |2 ddc  |4 0  |5 1  |6 P_398_095483000000000_PHI  |7 0  |9 26084  |a MAIN  |b MAIN  |d 2017-06-01  |e Prabhothachandra Shekharam  |o P 398.095483 PHI  |p 25778  |r 2017-06-01  |w 2017-06-01  |y REF